000 01232cam a2200337 a 4500
001 j 67001534
003 DLC
005 20260227111522.0
008 050726s1966 ja d 001 0 jpn
010 _aj 67001534
035 _a(CStRLIN)DCLP05-B15461
040 _aDLC
_cCarP
_dDLC
_dDLC-R
_dDLC
043 _aa-ja---
050 0 0 _aKNX26
_b.H665 1966
066 _c$1
245 0 0 _6880-01
_aHōrei yōgo jiten /
_cSatō Tatsuo, Hayashi Shūzō, Takatsuji Masami kyōhen.
250 _6880-02
_aDai 4-ji zentei shinpan.
260 _6880-03
_aTōkyō :
_bGakuyō Shobō,
_cShōwa 41 [1966]
300 _a632 p. ;
_c22 cm.
500 _aIncludes index.
650 0 _aLaw
_zJapan
_vDictionaries
_xJapanese.
700 1 _6880-04
_aSatō, Tatsuo,
_d1904-1974.
700 1 _6880-05
_aHayashi, Shūzō,
_d1910-1989.
700 1 _6880-06
_aTakatsuji, Masami,
_d1910-1997.
880 0 0 _6245-01/$1
_a法令用語辞典 /
_c佐藤逹夫, 林修三, 高辻正已共編.
880 _6250-02/$1
_a第 4次全訂新版.
880 _6260-03/$1
_a東京 :
_b学陽書房,
_c昭和 41 [1966]
880 1 _6700-04/$1
_a佐藤逹夫,
_d1904-1974.
880 1 _6700-05/$1
_a林修三,
_d1910-1989.
880 1 _6700-06/$1
_a高辻正已,
_d1910-1997.
999 _c35145
_d35145